Départements français sans voyelles #3 - Statistiques

Statistiques générales
  • Ce quiz a été pris 474 fois
  • Le résultat moyen est 17 sur 20
Statistiques - réponses
Indices Réponses % Correct
DRDGN Dordogne
98%
MRTNQ Martinique
98%
VL-D-MRN Val-de-Marne
98%
HT-GRNN Haute-Garonne
97%
LR-TLNTQ Loire-Atlantique
96%
VSGS Vosges
96%
CHR Cher
95%
HTS-LPS Hautes-Alpes
94%
SN-MRTM Seine-Maritime
94%
CHRNT Charente
93%
SRTH Sarthe
93%
VR Var
93%
LT Lot
92%
RHN Rhône
91%
DBS Doubs
90%
GRND Gironde
75%
SV Savoie
74%
LLR Allier
63%
VRN Aveyron
48%
VLNS Yvelines
44%
Aucun quiz correspondant
Distribution des résultats
% des personnes avec chaque résultat
Percentile par nombre de réponses
Votre historique - résultats
Vous n’avez pas pris ce quiz